Los Angeles Clippers 2010s Top 10 Leaders - Statistics

General Stats
  • This quiz has been taken 99 times
  • The average score is 9 of 19
Answer Stats
Player % Correct
Blake Griffin
100%
Chris Paul
100%
DeAndre Jordan
99%
Lou Williams
86%
Jamal Crawford
83%
J.J. Redick
82%
Montrezl Harrell
56%
Matt Barnes
52%
Chris Kaman
44%
Wesley Johnson
44%
Baron Davis
34%
Eric Gordon
32%
Tobias Harris
30%
Austin Rivers
21%
Luc Mbah a Moute
13%
Eric Bledsoe
12%
Rasual Butler
12%
Cole Aldrich
3%
Marcus Camby
0%
No matching quizzes found
Score Distribution
Percent of People with Each Score
Percentile by Number Answered
Your Score History
You have not taken this quiz